Palmeiras 2024 Squad - Statistics

General Stats
  • This quiz has been taken 156 times
  • The average score is 21 of 30
Answer Stats
# Position Player % Correct
21 GK Weverton
97%
41 FW Estêvão
91%
15 DF © Gustavo Gomez
90%
2 DF Marcos Rocha
90%
23 MF Raphael Veiga
89%
10 FW Rony
87%
14 GK Marcelo Lomba
86%
12 DF Mayke
83%
27 MF Richard Ríos
83%
22 DF Joaquín Piquerez
81%
26 DF Murilo
81%
6 DF Vanderlan
81%
7 FW Dudu
80%
5 MF Aníbal Moreno
79%
42 FW Flaco López
79%
8 MF Zé Rafael
79%
Manager Abel Ferreira
71%
4 DF Agustín Giay
70%
25 MF Gabriel Menino
70%
9 FW Felipe Anderson
69%
16 DF Caio Paulista
63%
18 MF Maurício
61%
34 DF Naves
59%
35 MF Fabinho
55%
44 DF Vitor Reis
54%
11 FW Bruno Rodrigues
49%
1 GK Mateus
44%
17 FW Lázaro
37%
20 MF Rômulo
36%
33 DF Michel
20%
No matching quizzes found
Score Distribution
Percent of People with Each Score
Percentile by Number Answered
Your Score History
You have not taken this quiz